[Event "Norway Chess 3rd"]
[Site "Stavanger"]
[Date "2015.06.19"]
[Round "4"]
[White "Anand, Viswanathan"]
[Black "Carlsen, Magnus"]
[Result "1-0"]
[WhiteElo "2804"]
[BlackElo "2876"]
[Annotator "Roiz,M"]
[PlyCount "93"]
[EventDate "2015.06.16"]
[EventType "tourn"]
[EventRounds "9"]
[EventCountry "NOR"]
[EventCategory "22"]
[SourceTitle "CBM 167"]
[Source "ChessBase"]
[SourceDate "2015.07.13"]
[SourceVersion "1"]
[SourceVersionDate "2015.07.13"]
[SourceQuality "1"]

1. e4 e5 2. Nf3 Nc6 3. Bb5 a6 4. Ba4 Nf6 5. O-O Be7 6. d3 {Both players have a
huge experience of playing the Ruy Lopez with both colours. This time Vishy
goes for a quiet, but very fashionable line.} d6 (6... b5 7. Bb3 d6 {is the
most common choice here.}) 7. c3 O-O 8. Nbd2 Re8 9. Re1 b5 10. Bc2 (10. Bb3 Na5
11. Bc2 c5 {leads to another well-known theoretical line.}) 10... Bf8 11. Nf1 (
11. d4 $5 {deserves some attention in order to meet} Bg4 {with} 12. h3 Bh5 13.
d5 $14) 11... g6 12. h3 ({Sometimes White prefers to start with} 12. Ng3 {
, but most probably White shouldn't do without h2-h3 anyway.}) 12... Bb7 13.
Ng3 ({It was also possible to keep the knight on f1 for a while, like in the
following example:} 13. Be3 Bg7 14. Qc1 Qd7 (14... d5 $5) 15. Bh6 Nd8 16. Ng3
c5 17. Bxg7 Kxg7 18. d4 $14 {1/2-1/2 (82) Rozentalis,E (2607)-Jovanic,O (2519)/
Trieste ITA 2013}) 13... Nb8 14. d4 Nbd7 {The players have entered into the
main line of Breyer system.} 15. a4 (15. b3 {is another major line here.})
15... c5 16. d5 c4 17. Bg5 Bg7 ({Recently White has managed to put Black under
positional pressure after} 17... h6 18. Be3 Nc5 19. Qd2 Kh7 20. Bxc5 dxc5) ({
In the following recent game Black was able to solve the problems after} 17...
Rb8 $5 18. Qd2 Nc5 19. axb5 axb5 20. Nh2 Bc8 21. Rf1 Bg7 22. f4 h6 23. fxe5
Nfxe4 24. Bxe4 Qxg5 25. Qxg5 hxg5 26. e6 fxe6 27. Bxg6 Re7 $11 {1/2-1/2
Vachier Lagrave,M (2775)-Dominguez Perez,L (2726)/Tbilisi FIDE GP 2015}) 18.
Qd2 Rb8 {Magnus deviates from the known paths at this early stage. This move
is aimed at making the c8-spot vacant for the bishop.} ({In the following
classical game between two former World Champions White couldn't pose Black
any special problems:} 18... Nc5 19. Ra3 (19. Nh4 Qd7 20. axb5 axb5 21. Rxa8
Rxa8 22. Qe3 Ne8 $132 {1-0 (68) Zherebukh,Y (2473)-Kovalev,V (2318)/Kirishi
2008/CBM 127 Extra}) 19... Qc7 20. Rea1 Rab8 21. Qe3 Nfd7 22. Bh6 Bh8 23. Nh2
Bc8 24. axb5 axb5 25. Ng4 Nf6 {1/2-1/2 Tal,M (2645)-Petrosian,T (2645)/Milan
1975/MCL}) 19. Nh2 $146 {This logical innovation is a standard preparation of
White's k-side activity, which is based on the f2-f4 advance.} ({Taking
control over the a-file doesn't offer much:} 19. Ra3 Nc5 20. axb5 axb5 $11 {
1/2-1/2 (21) Dueball,J (2450)-Matanovic,A (2490)/Bath 1973/EU-chT}) 19... Bc8
$6 {The World Champion is playing with fire! Leaving the pin yields White too
many attacking possibilities.} ({A much safer move was} 19... Qc7 20. f4 (20.
Ng4 Nxg4 21. hxg4 Bc8 22. Be3 (22. f3 Nc5 23. Be3 Bd7 24. axb5 Rxb5 25. Ra2
Reb8 26. Rb1 a5 $132) 22... Nc5 23. g5 Bd7 $132) 20... exf4 21. Qxf4 b4 22. Rf1
Qa5 $132 {with a complex battle.}) 20. Ng4 Nc5 $6 {One more inaccuracy.} ({
After} 20... Qe7 21. Nh6+ Kh8 22. Rf1 Qf8 23. axb5 axb5 24. Ra5 (24. h4 $5)
24... Nc5 25. Rfa1 $14 {Black's position would be worse, but playable.}) 21.
Nh6+ $1 Bxh6 {Exchanging the main defender of king is definitely a bad sign
for Black!} (21... Kf8 22. axb5 axb5 23. f4 $16 {[%csl Rf8]}) 22. Bxh6 bxa4 {
Breaking the q-side pawn chain is necessary, since Black desperately needs any
counterplay.} 23. Ra2 {Definitely not the best, since Black is getting some
play along the b-file, while the Ra2 is passive now.} ({A stronger move was} 
23. Reb1 $1 Bd7 24. Bg5 Kg7 25. Qe3 Qe7 26. Ra2 $16) 23... a3 $1 24. bxa3 $6 {
Recapturing the pawn definitely suits Black here.} ({There was a nice way to
extend the initiative at the cost of pawn:} 24. Rxa3 $1 Rxb2 25. Bg5 Kg7 26.
Qc1 Qb6 (26... Rb7 27. Rf1 $36) 27. Be3 Nfd7 28. Ba4 $36) 24... Nfd7 $1 25. f4
({Possibly,} 25. Qe3 $5 {was more promising here:} Kh8 (25... a5 26. Nf5 Nf6
27. Ng7 Rf8 28. f4 $36) 26. Raa1 Rb2 27. Qc1 $14) 25... a5 $1 {Magnus finds
the best way to connect the rooks - the bishop is heading to a6.} (25... Qh4 $2
{doesn't work in view of} 26. Bg5 Qxg3 27. Re3 Nb3 28. Bxb3 Qxe3+ 29. Qxe3 cxb3
30. Rb2 $18) 26. Rf1 (26. f5 Qh4 $1 27. Nf1 f6 28. Be3 gxf5 29. Bf2 Qg5 {
looks good for Black.}) 26... f6 $2 {This passive continuation leads to a very
difficult position from the strategic point of view.} ({It was necessary to
release the pressure in the centre:} 26... Qb6 $1 27. Kh1 Nb3 28. Qe2 exf4 $1
29. Bxf4 Ne5 30. Be3 Qd8 $132 {leads to a complex position, where the strong
centralised knight compensates for the vulnerablity of Black's monarch.}) 27.
f5 $1 {Now Black's position desperately lacks space.} Nd3 {Black is trying to
complicate matters, since White's potential k-side attack is unstoppable.} ({
After} 27... Qe7 28. h4 Qf7 29. Be3 $16 {White may develop a crushing attack
step by step.}) 28. Bxd3 cxd3 29. Qd1 $1 {White has reached a harmonious setup,
so all the pieces may take part in attacking the opponent's king.} ({Vishy
correctly rejects} 29. Qxd3 $6 Qb6+ 30. Be3 (30. Kh2 Ba6 31. c4 Qb3 $11) 30...
Ba6 31. Qd2 Qb3 $44) 29... Re7 (29... Kh8 30. Be3 Rg8 31. Qxd3 Qc7 32. fxg6
hxg6 33. Qe2 $16) 30. Raf2 Rf7 31. Qxd3 {Now there is nothing wrong with
taking a pawn.} (31. h4 $5 {was another promising option here:} Kh8 32. fxg6
hxg6 33. h5 Qg8 34. Bg5 $40) 31... Nc5 32. Qf3 Ba6 {A natural move, but the
bishop was quite useful on c8.} (32... g5 {was bad:} 33. h4 gxh4 34. Nh5 Kh8
35. Qg4 Qe7 36. Rf3 Ba6 37. Re1 Nd3 38. Ree3 Rb1+ 39. Kh2 $18) ({The most
tenacious continuation seems to be} 32... Kh8 33. fxg6 hxg6 34. Bg5 Nd7 35. h4
Ba6 36. c4 Qg8 {[%cal Gb8f8] and Black manages to parry the immediate threats,
though White is still almost winning here.}) 33. Qg4 ({It looks like the
direct attack would decide the game here:} 33. fxg6 hxg6 34. Qg4 Kh7 35. Qh4
Bxf1 36. Bg5+ Kg8 (36... Kg7 37. Qh6+ Kg8 38. Bxf6 $1 Rxf6 39. Nh5 gxh5 40.
Rxf6 $18) 37. Bxf6 Rh7 38. Qg5 Qe8 39. Rxf1 Rbb7 40. h4 $18) 33... g5 ({
Black's position is hopeless after} 33... Bc8 34. Qh4 g5 35. Qg4 Kh8 36. h4 Ba6
37. hxg5 Bxf1 38. g6 $18) 34. h4 $1 {There is no need to spend a tempo on
removing the rook.} Bxf1 35. Rxf1 Qd7 ({After} 35... Kh8 36. hxg5 fxg5 {
the most convincing is} 37. f6 Rxf6 38. Bg7+ Kxg7 39. Nh5+ Kh8 40. Rxf6 Qe7 41.
Qf5 $18 {with full domination.}) 36. hxg5 fxg5 37. Qh5 {This unexpected move
doesn't spoil anything - the king is too weak.} ({There was nothing wrong with
the most natural} 37. Bxg5 Kh8 38. Qh4 Rg8 39. Rb1 $1 $18 (39. Bf6+ $6 {
is less clear:} Rxf6 40. Qxf6+ Qg7 41. Qxg7+ Kxg7 $16)) 37... Kh8 38. f6 Rg8
39. Bg7+ Rfxg7 40. fxg7+ Qxg7 {It looks like Black has consolidated, but
Anand's calculations were deep!} 41. Nf5 Qg6 42. Qxg6 Rxg6 43. Ne7 $1 $18 Kg7 (
{The poor coordination of Black's pieces enables White to liquadate into a
winning rook ending:} 43... Rh6 44. Rf8+ Kg7 45. Rc8 Kf7 46. Nf5 Rg6 47. Nxd6+
Rxd6 48. Rxc5 $18) 44. Nxg6 Kxg6 45. Rf8 a4 ({Or} 45... Nxe4 46. c4 a4 47. Ra8
Nc5 48. Kf2 h5 49. Ke3 Kf5 50. Rf8+ Kg4 51. Rd8 $18) 46. c4 h5 47. Kf2 {
Quite a disappointing loss for Magnus, but Anand's achievement shouldn't be
underestimated.} ({Black resigns in view of} 47. Kf2 Nxe4+ 48. Ke3 Nc5 49. Rd8
$18) 1-0

[Event "London Classic 7th"]
[Site "London"]
[Date "2015.12.08"]
[Round "5"]
[White "Anand, Viswanathan"]
[Black "Topalov, Veselin"]
[Result "1-0"]
[WhiteElo "2796"]
[BlackElo "2803"]
[Annotator "Szabo,Kr"]
[PlyCount "147"]
[EventDate "2015.12.04"]
[EventType "tourn"]
[EventRounds "9"]
[EventCountry "ENG"]
[EventCategory "22"]
[SourceTitle "CBM 170"]
[Source "ChessBase"]
[SourceDate "2016.01.15"]
[SourceVersion "1"]
[SourceVersionDate "2016.01.15"]
[SourceQuality "1"]

1. e4 c5 2. Nf3 d6 3. d4 cxd4 4. Nxd4 Nf6 5. Nc3 a6 6. h3 e5 ({One year before
they had already played a game with} 6... e6 7. g4 Nfd7 8. Bg2 Be7 9. Be3 Nc6
10. h4 $5 Nde5 11. g5 Bd7 12. Nxc6 Bxc6 13. b3 f5 14. f4 Ng4 15. Qe2 Nxe3 16.
Qxe3 fxe4 17. O-O-O d5 18. Nxe4 $13 {Anand-Topalov, Khanty-Mansiysk 2014, with
a complicated position. Later Anand managed to win.}) 7. Nde2 h5 8. Bg5 (8. g3
{is the another main move.}) 8... Be6 9. Bxf6 Qxf6 10. Nd5 Qd8 11. Qd3 $5 {
A little improvement by Anand.} ({He had played} 11. Nec3 {a few times, but
now he had this move up his sleeve.}) 11... g6 $146 {Topalov makes the first
new move of the game. He would like to play ...Bh6 to stop White from 0-0-0.}
12. O-O-O Nd7 13. Kb1 Rc8 14. Nec3 Rc5 ({The straightforward} 14... Bh6 $5 {
looks more natural.}) 15. Be2 b5 $6 {This is an inaccuracy, which allows a
good attack for White.} (15... Bg7) ({or} 15... Bh6 {was important to continue
the development.}) 16. a3 (16. f4 $1 {was stronger, the point being} exf4 17.
Qd4 $1 Rh7 18. Nxf4 $16 {and White has nice play.}) 16... Nb6 17. g4 hxg4 ({
In the event of} 17... Bxd5 18. exd5 hxg4 19. hxg4 Rxh1 20. Rxh1 Bg7 21. Ne4 $1
Rxd5 22. Qc3 $36 {and the rook can be in trouble on d5.}) 18. Nxb6 (18. hxg4 $5
Rxh1 19. Rxh1 Bxd5 20. exd5 {transposes to 17...Bxd5.}) 18... Qxb6 19. hxg4
Rxh1 20. Rxh1 Bg7 21. Qe3 Qb7 ({The unsuspecting} 21... a5 $2 {could have been
met by} 22. b4 $1 $18 {and suddenly White wins.}) (21... Rc6 $5 {was also
possible.}) 22. Rd1 Qc7 23. g5 $1 {Anand fixes the kingside and he prepares
for Rg1 followed by Bg4 to exhange the light-squared Bs.} Qc6 24. Rg1 Qd7 (
24... a5 $5 {was an interesting option to create counterplay on the queenside.}
25. Bg4 b4 26. Bxe6 fxe6 27. axb4 axb4 $13) 25. Qg3 Rc8 26. Bg4 $1 {White has
achieved his aim.} Bxg4 ({If Black tries to keep the tension with} 26... a5 {
, White can continue with} 27. Bxe6 fxe6 28. Qd3 Rb8 29. Nd1 $1 Qc6 30. Ne3 $36
{and White has a great initiative.}) 27. Qxg4 Qxg4 28. Rxg4 Bf8 29. Nd5 $14 {
White has a comfortable endgame, he has a "good N" against the "bad B". The
plan in such positions is usually simple. Keep control and create a passed
pawn on the queenside. However the difficulty here is that the g5-pawn is weak
and the rook has to protect it.} Be7 30. c3 Rc6 31. Kc2 Kd7 32. Kb3 Bd8 33. a4
$1 {The first step of White's plan. He tries to create a passed pawn.} Rc5 34.
axb5 Rxb5+ ({Probably} 34... axb5 $5 {was a larger task to create a passed
pawn for White. Now the engine suggests} 35. Rg2 Rc4 36. f3 Ke6 37. Rg1 Ra4 38.
Rh1 {, but this is still a big fight.}) 35. Ka2 a5 36. b4 axb4 37. cxb4 {
So step one has been completed. Now White should get the rook into the game
somehow.} Rb7 38. Kb3 Rb8 39. Rg1 $1 Rb7 40. Rg3 Rb8 41. Rg1 Rb7 42. Ra1 $1 {
A very good move! Anand sacrifices the g5-pawn and gets his rook into the
action.} Bxg5 43. Kc4 Bd8 44. f3 ({The immediate} 44. b5 {was also good.})
44... f5 45. Rh1 (45. b5 $5) 45... fxe4 46. fxe4 g5 47. b5 Rb8 48. Rh7+ Ke6 (
48... Kc8 {looks safer, because on e6 the king is in a mating net.}) 49. Kb4 $1
{Black is in zugzwang! The rook cannot move away from the b-file as b6 would
come and the bishop cannot move away, because of the mate on e7. Only the
g-pawn can play!} ({The tempting} 49. b6 $2 {was a big mistake, as} Rxb6 $1 50.
Nxb6 Bxb6 {and probably Black can hold.}) 49... g4 50. Rg7 g3 51. Rxg3 Rb7 52.
Rg6+ Kd7 53. Rg7+ Kc8 54. Rg8 Kd7 55. Kc4 Rb8 (55... Kc8 56. b6 $18 {is
hopeless for Black.}) 56. Rg7+ Ke6 57. Kb4 $1 {This is the same zugzwang
position without the g-pawn and White is just winning.} Ba5+ $1 {The best
practical chance.} 58. Kc4 (58. Ka4 $1 {would have won the game with ease, for
example} Bd8 {is strongly refuted by} 59. Ra7 $1 Rc8 60. b6 $18) ({, but even} 
58. Kxa5 Rxb5+ 59. Ka4 Ra5+ 60. Kb3 Ra3+ 61. Kc4 Ra4+ 62. Nb4 $18 {should be
winning too.}) 58... Bd8 59. Rg8 Rc8+ 60. Kd3 (60. Kb4 $1 {was stronger,} Ba5+
$2 61. Kxa5 Rxg8 62. b6 $18 {and the pawn cannot be stopped.}) 60... Rb8 61.
Rh8 $6 {An inaccuracy; now Black can defend more easily.} (61. Kc4 $1) 61...
Kd7 62. Rh7+ Ke6 $2 {A mistake, which helps White to reach the zugzwang
position.} (62... Kc8 $1 {was tougher.}) 63. Kc4 Rc8+ 64. Kb4 Rc1 (64... Rb8 {
could have been met by} 65. Ra7 $1 $18 {and White has managed the final
zugzwang.}) 65. b6 {Finally the pawn moves ahead and it's all over.} Rb1+ 66.
Ka5 Bxb6+ ({In the event of} 66... Rb2 67. Ka6 Ra2+ 68. Kb7 Rb2 69. Kc8 Rc2+
70. Rc7 $1 $18 {and White wins} ({, but not} 70. Kxd8 $4 Rc8+ $1 $11 {and
stalemate!})) 67. Nxb6 {This position is easily winning for White because
Black can't exchange the e4-pawn and White can always protect it with Rh4.}
Ra1+ 68. Kb5 Rb1+ 69. Kc6 Rc1+ 70. Kb7 Rb1 71. Kc7 Rc1+ 72. Kd8 Re1 73. Rh4 Kf6
74. Rg4 $1 {A fine victory for Anand who played a consistent game.} 1-0